LEADER 01355nam a2200289 4500 001 000000357184 003 CaOOAMICUS 005 20240214124503.0 008 240214s2023 it 000 u ita r 020 $a978-88-382-5367-6 040 $aSeMil$bita 100 1 $aPizzolato, Luigi Franco,$d<1939- >.$0(OLS)http://semarc/name/40 245 10$a«Parole memorande» :$bvoci dei Padri della Chiesa in Giovanni 23. /$cLuigi Franco Pizzolato. 264 1$aRoma :$bEdizioni Studium,$cstampa 2023. 300 $aXXI, 272 p. ;$c21 cm 490 1 $aFonti e ricerche della Fondazione Papa Giovanni 23 ;$v13 541 0 $aOmaggio mons. Mario Delpini 650 4$aGiovanni XXIII - Influssi [dei] Padri della chiesa.$0(OLS)http://semarc/subject/55086 830 0$aFonti e ricerche della Fondazione Papa Giovanni 23 ;$v13.$0(OLS)http://semarc/title/12178 850 $aSeMil 852 $aSeMil$W1$xVenegono$y1$m2A VII 72$j247365$B248370$CSeMilBibl$Z2$F248370 $81 941 1 $a7 961 $aOmaggio mons. Mario Delpini 996 $6020$a978-88-382-5367-6$9(OLS)http://semarc/number/299807 996 $6245$a«Parole memorande» :$bvoci dei Padri della Chiesa in Giovanni 23.$9(OLS)http://semarc/title/447417 996 $6264$aRoma :$bEdizioni Studium$9(OLS)http://semarc/publisher/32845 LEADER 01320nam a2200217 i 4500 001 000000007943 003 CaOOAMICUS 005 20180830125439.0 008 180830s1893 it u000 u ita u 040 $aSeMil$bita 245 10$aSynodus dioecesana quam novis temporum necessitatibus accomodatam scripsit constituit et celebravit in sua cathedrali ecclesia Fridericus Foschi dei et apostolicae sedis gratia episcopus cerviensium die 15., 16. et 13. calendas novembris anno 1892. 260 $aRomae :$bTypis Vaticanis,$c1893. 300 $a2 v. ;$c24 cm. 650 4$aSinodi diocesani - Cervia.$0(OLS)http://semarc/subject/1276 650 4$aSinodi diocesani - Sec. 19.$0(OLS)http://semarc/subject/1277 700 1 $aDiocesi di Cervia.$0(OLS)http://semarc/name/4066 700 1 $aFoschi, Federico .$0(OLS)http://semarc/name/4065 774 0 $tConstitutiones.$gPars1$w()58302 774 0 $tCommentaria etc.$gPars altera2$w()221049 996 $6245$aSynodus dioecesana quam novis temporum necessitatibus accomodatam scripsit constituit et celebravit in sua cathedrali ecclesia Fridericus Foschi dei et apostolicae sedis gratia episcopus cerviensium die 15., 16. et 13. calendas novembris anno 1892$9(OLS)http://semarc/title/10580 996 $6260$aRomae :$bTypis Vaticanis$9(OLS)http://semarc/publisher/32160